MARC details
| 000 -LEADER |
| campo de control de longitud fija |
02373nam a2200385 i 4500 |
| 001 - NÚMERO DE CONTROL |
| campo de control |
C00062864c |
| 005 - FECHA Y HORA DE LA ÚLTIMA TRANSACCIÓN |
| campo de control |
20241029150840.0 |
| 008 - DATOS DE LONGITUD FIJA--INFORMACIÓN GENERAL |
| campo de control de longitud fija |
140127s1760 sp spadd |
| 110 2# - ENTRADA PRINCIPAL--NOMBRE DE ENTIDAD CORPORATIVA |
| Nombre de entidad corporativa o nombre de jurisdicción como elemento de entrada |
Real Academia de Bellas Artes de San Fernando. |
| 9 (RLIN) |
75832 |
| 245 10 - MENCIÓN DEL TÍTULO |
| Título |
Distribucion de los premios concedidos por el Rey N. S. A los Discipulos de las tres Nobles Artes hecha Por la Real Academia de S. Fernando En la Junta general de 28 de Agosto de 1760. |
| 260 ## - PUBLICACIÓN, DISTRIBUCIÓN, ETC. |
| Lugar de publicación, distribución, etc. |
En Madrid : |
| Nombre del editor, distribuidor, etc. |
en la Oficina de D. Gabriel Ramirez, impresor de la Academia, |
| Fecha de publicación, distribución, etc. |
1760. |
| 300 ## - DESCRIPCIÓN FÍSICA |
| Extensión |
[4], 94 p., 3 h. de lám. ; |
| Dimensiones |
4º (26 cm) |
| 500 ## - NOTA GENERAL |
| Nota general |
CCPB000221085-1, REBIUN3126129, BNE. |
| 500 ## - NOTA GENERAL |
| Nota general |
Sign.: [ ]2, A-L4, M3. |
| 500 ## - NOTA GENERAL |
| Nota general |
Marca tip. en port. |
| 500 ## - NOTA GENERAL |
| Nota general |
Port.: "Espinosa f."; 3 h. de lám. grab calc.: "G. Gil d. sculp."; il. en p. 1: "Prieto inv." "Cruz sculp."; p. 32: "T. López inv. et sculp."; p. 33: "T. Prieto invto.", "Ming sculp."; p. 44: "Prieto inv.", "López sculp."; p. 45, 59: "Prieto inv.", "Cruz sculp"; p. 68: "Prieto inv.", "López sculp."; p. 69: "Prieto inv.", "Ugarte fc." ; p. 80: "T. López inv. et sculp." ; p. 81: "Cruz inv. et sculp."; p. 94: "Ths. Prieto invto.", "Ju. Fernº. Palomino sculp." |
| 500 ## - NOTA GENERAL |
| Nota general |
Reclamos. |
| 500 ## - NOTA GENERAL |
| Nota general |
Notas a pie de p. |
| 500 ## - NOTA GENERAL |
| Nota general |
Contenido parcial: Catalogo de los Sres. Academicos de la Real Academia de San Fernando, y orden de sus clases y creaciones. -- P. 81-94. |
| 500 ## - NOTA GENERAL |
| Nota general |
Enc. con otras 5 obras: Abertura solemne 1752 y distribución de premios de 1753, 1754, 1757 y 1760. |
| 500 ## - NOTA GENERAL |
| Nota general |
Enc. pasta con hierros dorados en lomo y cantos, nervios y cortes veteados. |
| 500 ## - NOTA GENERAL |
| Nota general |
Obra digitalizada en Internet: Hathi Trust Digital Library (enlace en parte inferior) |
| 610 2# - PUNTO DE ACCESO ADICIONAL DE MATERIA--NOMBRE DE ENTIDAD CORPORATIVA |
| Nombre de entidad corporativa o nombre de jurisdicción como elemento de entrada |
Real Academia de Bellas Artes de San Fernando.- |
| Subdivisión de forma |
Premios y recompensas. |
| 9 (RLIN) |
78563 |
| 700 1# - ENTRADA AGREGADA--NOMBRE PERSONAL |
| Nombre de persona |
Ramírez, Gabriel. |
| 9 (RLIN) |
34887 |
| 700 1# - ENTRADA AGREGADA--NOMBRE PERSONAL |
| Nombre de persona |
Espinosa de los Monteros, Antonio ( |
| Fechas asociadas al nombre |
1732-1812) |
| 9 (RLIN) |
37602 |
| 700 1# - ENTRADA AGREGADA--NOMBRE PERSONAL |
| Nombre de persona |
Gil, Jerónimo Antonio ( |
| Fechas asociadas al nombre |
1732-1798) |
| 9 (RLIN) |
33209 |
| 700 1# - ENTRADA AGREGADA--NOMBRE PERSONAL |
| Nombre de persona |
Prieto, Tomás Francisco ( |
| Fechas asociadas al nombre |
1716-1782) |
| 9 (RLIN) |
43391 |
| 700 1# - ENTRADA AGREGADA--NOMBRE PERSONAL |
| Nombre de persona |
Palomino, Juan Fernando ( |
| Fechas asociadas al nombre |
?-1793) |
| 9 (RLIN) |
43392 |
| 700 1# - ENTRADA AGREGADA--NOMBRE PERSONAL |
| Nombre de persona |
Ugarte, Hermenegildo Víctor ( |
| Fechas asociadas al nombre |
1735-d. de 1768) |
| 9 (RLIN) |
43393 |
| 752 ## - ENTRADA AGREGADA--NOMBRE JERÁRQUICO DEL LUGAR |
| País o entidad superior |
España - |
| Ciudad |
Madrid |
| 852 4# - LOCALIZACIÓN |
| Nota pública |
A-254 (6) |
| 856 40 - LOCALIZACIÓN Y ACCESO ELECTRÓNICOS |
| Identificador Uniforme de Recurso |
<a href="http://babel.hathitrust.org/cgi/pt?id=ucm.5326970105;view=1up;seq=1">http://babel.hathitrust.org/cgi/pt?id=ucm.5326970105;view=1up;seq=1</a> |